<?xml version="1.0" encoding="UTF-8"?>
<record
    xmlns:xsi="http://www.w3.org/2001/XMLSchema-instance"
    xsi:schemaLocation="http://www.loc.gov/MARC21/slim http://www.loc.gov/standards/marcxml/schema/MARC21slim.xsd"
    xmlns="http://www.loc.gov/MARC21/slim">

  <leader>01184nam a2200217Ia 4500</leader>
  <controlfield tag="001">20209</controlfield>
  <controlfield tag="003">GE_BSU</controlfield>
  <controlfield tag="008">181216s||||||||xx |||||||||||||| ||und||</controlfield>
  <datafield tag="040" ind1=" " ind2=" ">
    <subfield code="c">GE_BSU</subfield>
  </datafield>
  <datafield tag="245" ind1=" " ind2=" ">
    <subfield code="a">&#x10E1;&#x10D0;&#x10E5;&#x10D0;&#x10E0;&#x10D7;&#x10D5;&#x10D4;&#x10DA;&#x10DD;&#x10E1; &#x10E3;&#x10D6;&#x10D4;&#x10DC;&#x10D0;&#x10D4;&#x10E1;&#x10D8; &#x10E1;&#x10D0;&#x10E1;&#x10D0;&#x10DB;&#x10D0;&#x10E0;&#x10D7;&#x10DA;&#x10DD;&#x10E1; &#x10D2;&#x10D0;&#x10D3;&#x10D0;&#x10EC;&#x10E7;&#x10D5;&#x10D4;&#x10E2;&#x10D8;&#x10DA;&#x10D4;&#x10D1;&#x10D0;&#x10DC;&#x10D8;&#x10E1;&#x10D0;&#x10DB;&#x10DD;&#x10E5;&#x10D0;&#x10DA;&#x10D0;&#x10E5;&#x10DD;  &#x10E1;&#x10D0;&#x10E5;&#x10DB;&#x10D4;&#x10D4;&#x10D1;&#x10D6;&#x10D4; 12. &#x10E1;&#x10D0;&#x10DD;&#x10EF;&#x10D0;&#x10EE;&#x10DD; &#x10E1;&#x10D0;&#x10DB;&#x10D0;&#x10E0;&#x10D7;&#x10D0;&#x10DA;&#x10D8; 2016</subfield>
  </datafield>
  <datafield tag="245" ind1=" " ind2=" ">
    <subfield code="b">&#x10D9;&#x10E0;&#x10D4;&#x10D1;&#x10E3;&#x10DA;&#x10D8;</subfield>
  </datafield>
  <datafield tag="245" ind1=" " ind2=" ">
    <subfield code="c">&#x10D2;&#x10D0;&#x10D3;&#x10D0;&#x10EC;&#x10E7;. &#x10E8;&#x10D4;&#x10E0;&#x10E9;&#x10D0;&#x10D5;&#x10D0;&#x10E1;&#x10D0; &#x10D3;&#x10D0; &#x10D3;&#x10D0;&#x10DB;&#x10E3;&#x10E8;&#x10D0;&#x10D5;. &#x10DE;&#x10D0;&#x10E1;&#x10E3;&#x10EE;&#x10D8;&#x10E1;&#x10DB;&#x10D2;. &#x10D6;&#x10D0;&#x10D6;&#x10D0; &#x10EF;&#x10D0;&#x10E4;&#x10D0;&#x10E0;&#x10D8;&#x10EB;&#x10D4;</subfield>
  </datafield>
  <datafield tag="260" ind1=" " ind2=" ">
    <subfield code="a">&#x10D7;&#x10D1;&#x10D8;&#x10DA;&#x10D8;&#x10E1;&#x10D8;</subfield>
  </datafield>
  <datafield tag="260" ind1=" " ind2=" ">
    <subfield code="c">2016</subfield>
  </datafield>
  <datafield tag="300" ind1=" " ind2=" ">
    <subfield code="a">220&#x10D2;&#x10D5;;20&#x10E1;&#x10DB;.</subfield>
  </datafield>
  <datafield tag="653" ind1=" " ind2=" ">
    <subfield code="a">&#x10DE;&#x10D4;&#x10E0;&#x10D8;&#x10DD;&#x10D3;&#x10D8;&#x10D9;&#x10D0;</subfield>
  </datafield>
  <datafield tag="653" ind1=" " ind2=" ">
    <subfield code="a">&#x10E1;&#x10D0;&#x10DB;&#x10D0;&#x10E0;&#x10D7;&#x10D0;&#x10DA;&#x10D8;</subfield>
  </datafield>
  <datafield tag="653" ind1=" " ind2=" ">
    <subfield code="a">&#x10E1;&#x10D0;&#x10E5;&#x10D0;&#x10E0;&#x10D7;&#x10D5;&#x10D4;&#x10DA;&#x10DD;&#x10E1; &#x10E3;&#x10D6;&#x10D4;&#x10DC;&#x10D0;&#x10D4;&#x10E1;&#x10D8; &#x10E1;&#x10D0;&#x10E1;&#x10D0;&#x10DB;&#x10D0;&#x10E0;&#x10D7;&#x10DA;&#x10DD;&#x10E1; &#x10D2;&#x10D0;&#x10D3;&#x10D0;&#x10EC;&#x10E7;&#x10D5;&#x10D4;&#x10E2;&#x10D8;&#x10DA;&#x10D4;&#x10D1;&#x10D0;&#x10DC;&#x10D8;&#x10E1;&#x10D0;&#x10DB;&#x10DD;&#x10E5;&#x10D0;&#x10DA;&#x10D0;&#x10E5;&#x10DD;  &#x10E1;&#x10D0;&#x10E5;&#x10DB;&#x10D4;&#x10D4;&#x10D1;&#x10D6;&#x10D4; 12. &#x10E1;&#x10D0;&#x10DD;&#x10EF;&#x10D0;&#x10EE;&#x10DD; &#x10E1;&#x10D0;&#x10DB;&#x10D0;&#x10E0;&#x10D7;&#x10D0;&#x10DA;&#x10D8; 2016</subfield>
  </datafield>
  <datafield tag="653" ind1=" " ind2=" ">
    <subfield code="a">&#x10E1;&#x10DD;&#x10EA;&#x10D8;&#x10D0;&#x10DA;&#x10E3;&#x10E0;&#x10D8; &#x10D3;&#x10D0;&#x10D5;&#x10D4;&#x10D1;&#x10D8;</subfield>
  </datafield>
  <datafield tag="942" ind1=" " ind2=" ">
    <subfield code="c">CR</subfield>
  </datafield>
  <datafield tag="999" ind1=" " ind2=" ">
    <subfield code="c">53170</subfield>
    <subfield code="d">53170</subfield>
  </datafield>
  <datafield tag="952" ind1=" " ind2=" ">
    <subfield code="0">0</subfield>
    <subfield code="1">0</subfield>
    <subfield code="4">0</subfield>
    <subfield code="7">0</subfield>
    <subfield code="9">74703</subfield>
    <subfield code="d">2018-12-17</subfield>
    <subfield code="p">&#x10DE;78413</subfield>
    <subfield code="r">2018-12-17</subfield>
    <subfield code="w">2018-12-17</subfield>
    <subfield code="y">CR</subfield>
  </datafield>
</record>
